000 00391nam a2200145Ia 4500
003 GCL
008 140319s9999 xx 000 0 ara d
040 _aGCL /
_cGCL
082 0 4 _a812
_bع س
100 1 _aعلى حسن
245 1 0 _aالسرطان و ابتسامة سليمان /
_cعلى حسن
260 _a[S.N] :
_bالدار العربية ،
_c1987
300 _a349 ص
490 _a
999 _c33012
_d33012